Statystyki dla Najdroższe Transfery z Ekstraklasy

Kliknij tutaj aby rozwiązać quiz!

Ogólne statystyki

  • Ten quiz został rozwiązany 3 536 razy
    (1 140 od ostatniego zresetowania)
  • Średni wynik to 22 z 45

Statystyki odpowiedzi

KwotaSezonKlubyNazwisko% Poprawnych
4,75 mln €10/11Lech Poznań → Borussia DortmundRobert Lewandowski
93%
11 mln €20/21Lech Poznań → BrightonJakub Moder
92%
6 mln €17/18Lech Poznań → SouthamptonJan Bednarek
88%
4,5 mln €18/19Cracovia → GenoaKrzysztof Piątek
83%
5 mln €16/17Cracovia → Leicester CityBartosz Kapustka
80%
5,5 mln €19/20Legia Warszawa → Dynamo MoskwaSebastian Szymański
78%
4,3 mln €20/21Lech Poznań →Derby CountyKamil Jóźwiak
77%
4,35 mln €07/08Legia Warszawa → ArsenalŁukasz Fabiański
75%
5,5 mln €20/21Legia Warszawa →BrightonMichał Karbownik
74%
7 mln €19/20Legia Warszawa →AS MonacoRadosław Majecki
74%
5 mln €21/22Raków Częstochowa → Red Bull SalzburgKamil Piątkowski
71%
4,2 mln €19/20Pogoń Szczecin → New England RevolutionAdam Buksa
69%
3 mln €07/08Wisła Kraków → Borussia DortmundJakub Błaszczykowski
68%
3,5 mln €21/22Lech Poznań → Union BerlinTymoteusz Puchacz
67%
3,1 mln €16/17Lech Poznań → SampdoriaKarol Linetty
61%
5 mln €20/21Zagłębie Lubin →VfL WolfsburgBartosz Białek
60%
3 mln €20/21Śląsk Wrocław → Norwich CityPrzemysław Płacheta
58%
2,6 mln €12/13Górnik Zabrze → Bayer LeverkusenArkadiusz Milik
53%
5,25 mln €11/12Polonia Warszawa → TrabzonsporAdrian Mierzejewski
52%
3,2 mln €11/12Legia Warszawa → Achmat GroznyMaciej Rybus
52%
4 mln €17/18Lech Poznań → SampdoriaDawid Kownacki
50%
3,45 mln €19/20Legia Warszawa →Portland TimbersJarosław Niezgoda
48%
3,7 mln €18/19Górnik Zabrze → FiorentinaSzymon Żurkowski
48%
3,7 mln €18/19Wisła Płock → AtalantaArkadiusz Reca
47%
4 mln €18/19Pogoń Szczecin → CagliariSebastian Walukiewicz
47%
4,2 mln €16/17Legia Warszawa → HerthaOndrej Duda
46%
2,7 mln €17/18Zagłębie Lubin → Crystal PalaceJarosław Jach
45%
4 mln €19/20Jagiellonia Białystok → Celtic GlasgowPatryk Klimala
43%
2,5 mln €16/17Jagiellonia Białystok → FiorentinaBartłomiej Drągowski
41%
3 mln €16/17Legia Warszawa → Chicago FireNemanja Nikolić
40%
2,9 mln €16/17Legia Warszawa → PAOK SalonikiAleksandar Prijović
35%
3,1 mln €05/06Wisła Kraków → Celtic GlasgowMaciej Żurawski
32%
4 mln €14/15Lech Poznań → Dynamo KijówŁukasz Teodorczyk
31%
2,5 mln €17/18Legia Warszawa → OlympiakosVadis Odjidja-Ofoe
31%
4,2 mln €07/08Legia Warszawa → CSKA MoskwaDawid Janczyk
30%
3,5 mln €12/13Lech Poznań → HSV HamburgArtjoms Rudnevs
28%
2,6 mln €13/14Legia Warszawa → ToulouseDominik Furman
27%
2,5 mln €14/15Lechia Gdańsk → BenfikaPaweł Dawidowicz
23%
3,2 mln €09/10Lech Poznań → Rubin KazańRafał Murawski
22%
2,7 mln €12/13Legia Warszawa → FiorentinaRafał Wolski
22%
3,8 mln €10/11Wisła Kraków → PSV EindhovenMarcelo
19%
2,6 mln €17/18Lechia Gdańsk → TorinoVanja Milinković-Savić
19%
2,5 mln €08/09Wisła Kraków →AJ AuxerreDariusz Dudka
17%
3,2 mln €13/14Lech Poznań → Aston VillaAleksandar Tonev
14%
2,5 mln €16/17Lech Poznań → Dynamo KijówTamas Kadar
7%

Rozkład punktacji

Percentyl według liczby udzielonych odpowiedzi

Procent ludzi z każdym wynikiem

Twoja historia wyników

Nie rozwiązałeś tego quizu od ostatniego zresetowania